<?xml version="1.0" encoding="UTF-8"?>
<record
    xmlns:xsi="http://www.w3.org/2001/XMLSchema-instance"
    xsi:schemaLocation="http://www.loc.gov/MARC21/slim http://www.loc.gov/standards/marcxml/schema/MARC21slim.xsd"
    xmlns="http://www.loc.gov/MARC21/slim">

  <leader>00725nam a22002297a 4500</leader>
  <controlfield tag="003">CBULib</controlfield>
  <controlfield tag="005">20231025121836.0</controlfield>
  <controlfield tag="008">230725b        |||||||| |||| 00| 0 eng d</controlfield>
  <datafield tag="020" ind1=" " ind2=" ">
    <subfield code="a"> 9781138483217 </subfield>
  </datafield>
  <datafield tag="040" ind1=" " ind2=" ">
    <subfield code="a">Library of Congress</subfield>
    <subfield code="b">English</subfield>
    <subfield code="c">CBULib</subfield>
    <subfield code="e">rda</subfield>
  </datafield>
  <datafield tag="041" ind1=" " ind2=" ">
    <subfield code="d">eng</subfield>
  </datafield>
  <datafield tag="050" ind1=" " ind2=" ">
    <subfield code="a">T 58.8 Usu</subfield>
  </datafield>
  <datafield tag="100" ind1=" " ind2=" ">
    <subfield code="a">Usubamatov, Ryspek </subfield>
    <subfield code="9">233</subfield>
  </datafield>
  <datafield tag="245" ind1=" " ind2=" ">
    <subfield code="a">Productivity theory for industrial engineering </subfield>
    <subfield code="c">/ by Ryspek Usubamatov</subfield>
  </datafield>
  <datafield tag="260" ind1=" " ind2=" ">
    <subfield code="b">CRC Press,</subfield>
    <subfield code="c">[2018]</subfield>
    <subfield code="a">USA :</subfield>
  </datafield>
  <datafield tag="300" ind1=" " ind2=" ">
    <subfield code="a">xvi, 258 pages: illustrations</subfield>
  </datafield>
  <datafield tag="336" ind1=" " ind2=" ">
    <subfield code="2">rdacontent</subfield>
    <subfield code="a">Text |</subfield>
    <subfield code="b">txt</subfield>
  </datafield>
  <datafield tag="337" ind1=" " ind2=" ">
    <subfield code="2">rdacontent</subfield>
    <subfield code="a">Unmediated |</subfield>
    <subfield code="b">n</subfield>
  </datafield>
  <datafield tag="338" ind1=" " ind2=" ">
    <subfield code="2">rdacarrier</subfield>
    <subfield code="a">Volume</subfield>
    <subfield code="b">nb</subfield>
  </datafield>
  <datafield tag="650" ind1=" " ind2="0">
    <subfield code="2">Library of Congress</subfield>
    <subfield code="9">236</subfield>
    <subfield code="a">INDUSTRIAL  PRODUCTIVITY</subfield>
  </datafield>
  <datafield tag="942" ind1=" " ind2=" ">
    <subfield code="2">lcc</subfield>
    <subfield code="c">002</subfield>
  </datafield>
  <datafield tag="999" ind1=" " ind2=" ">
    <subfield code="c">78636</subfield>
    <subfield code="d">78636</subfield>
  </datafield>
  <datafield tag="952" ind1=" " ind2=" ">
    <subfield code="0">0</subfield>
    <subfield code="1">0</subfield>
    <subfield code="2">lcc</subfield>
    <subfield code="4">0</subfield>
    <subfield code="7">0</subfield>
    <subfield code="8">MK</subfield>
    <subfield code="a">003</subfield>
    <subfield code="b">001</subfield>
    <subfield code="c">GEN</subfield>
    <subfield code="d">2023-06-05</subfield>
    <subfield code="e">DON-BOOKAID</subfield>
    <subfield code="g">72.00</subfield>
    <subfield code="o">T 58.8 Usu</subfield>
    <subfield code="p">752317 </subfield>
    <subfield code="r">2023-06-05</subfield>
    <subfield code="t">1</subfield>
    <subfield code="v">86.00</subfield>
    <subfield code="w">2023-06-05</subfield>
    <subfield code="y">002</subfield>
  </datafield>
  <datafield tag="952" ind1=" " ind2=" ">
    <subfield code="0">0</subfield>
    <subfield code="1">0</subfield>
    <subfield code="2">lcc</subfield>
    <subfield code="4">0</subfield>
    <subfield code="7">0</subfield>
    <subfield code="8">MK</subfield>
    <subfield code="a">003</subfield>
    <subfield code="b">001</subfield>
    <subfield code="c">GEN</subfield>
    <subfield code="d">2023-06-05</subfield>
    <subfield code="e">DON-BOOKAID</subfield>
    <subfield code="g">72.00</subfield>
    <subfield code="o">T 58.8 Usu</subfield>
    <subfield code="p">752318</subfield>
    <subfield code="r">2023-06-05</subfield>
    <subfield code="t">2</subfield>
    <subfield code="v">86.00</subfield>
    <subfield code="w">2023-06-05</subfield>
    <subfield code="y">002</subfield>
  </datafield>
  <datafield tag="952" ind1=" " ind2=" ">
    <subfield code="0">0</subfield>
    <subfield code="1">0</subfield>
    <subfield code="2">lcc</subfield>
    <subfield code="4">0</subfield>
    <subfield code="7">0</subfield>
    <subfield code="8">MK</subfield>
    <subfield code="a">003</subfield>
    <subfield code="b">001</subfield>
    <subfield code="c">GEN</subfield>
    <subfield code="d">2023-08-30</subfield>
    <subfield code="e">DON-BOOKAID</subfield>
    <subfield code="g">72.00</subfield>
    <subfield code="o">T 58.8 Usu</subfield>
    <subfield code="p">752319</subfield>
    <subfield code="r">2023-08-30</subfield>
    <subfield code="t">3</subfield>
    <subfield code="v">86.00</subfield>
    <subfield code="w">2023-08-30</subfield>
    <subfield code="y">002</subfield>
  </datafield>
  <datafield tag="952" ind1=" " ind2=" ">
    <subfield code="0">0</subfield>
    <subfield code="1">0</subfield>
    <subfield code="2">lcc</subfield>
    <subfield code="4">0</subfield>
    <subfield code="7">0</subfield>
    <subfield code="8">MC</subfield>
    <subfield code="a">001</subfield>
    <subfield code="b">001</subfield>
    <subfield code="c">GEN</subfield>
    <subfield code="d">2023-10-25</subfield>
    <subfield code="e">DON-BOOKAID</subfield>
    <subfield code="g">79.00</subfield>
    <subfield code="l">1</subfield>
    <subfield code="o">T 58.8 Usu </subfield>
    <subfield code="p">752316</subfield>
    <subfield code="r">2024-02-28</subfield>
    <subfield code="s">2024-02-21</subfield>
    <subfield code="t">4</subfield>
    <subfield code="w">2023-10-25</subfield>
    <subfield code="y">002</subfield>
  </datafield>
</record>
